Devine le jeu Zelda - Mort subite - Statistiques

Statistiques générales
  • Ce quiz a été pris 1 030 fois
  • Le résultat moyen est 12 sur 16
Answers on the Grid
Answers color-coded by a green-red scale on the quiz's grid according to % correct below.
Minish Cap
The Adventure of Link
Twilight Queen
Twilight Princess
Moonlight Princess
Shadows of Time
Triforce Heroes
Spirit Crown
Spectacle of Ages
Oracle of Seasons
Spirit Tracks
Scepter of Ages
Skyward Knight
Phantom Mirror
Phantom Hourglass
Breath of the Spirits
Echoes of Wisdom
Majora's Mask
Tears of the King
Skyward Sword
Hyrule Heroes
The Wind Waker
Breath of the Wild
Wind of the Wild
A Link to the Future
Tears of the Kingdom
Ocarina of Past
Hyrule Warriors
Ocarina of Time
A Link to the Past
 
Statistiques - réponses
Réponse % Correct
Twilight Princess
90%
Minish Cap
85%
The Adventure of Link
82%
Majora's Mask
81%
Triforce Heroes
78%
Spirit Tracks
77%
Oracle of Seasons
76%
Phantom Hourglass
76%
Skyward Sword
76%
Breath of the Wild
75%
Tears of the Kingdom
75%
Echoes of Wisdom
74%
Ocarina of Time
74%
A Link to the Past
72%
Hyrule Warriors
72%
The Wind Waker
71%
Aucun quiz correspondant
Distribution des résultats
% des personnes avec chaque résultat
Percentile par nombre de réponses
Votre historique - résultats
Vous n’avez pas pris ce quiz